<?xml version="1.0" encoding="UTF-8"?><?xml-stylesheet type="text/xsl" href="static/style.xsl"?><OAI-PMH xmlns="http://www.openarchives.org/OAI/2.0/" xmlns:xsi="http://www.w3.org/2001/XMLSchema-instance" xsi:schemaLocation="http://www.openarchives.org/OAI/2.0/ http://www.openarchives.org/OAI/2.0/OAI-PMH.xsd"><responseDate>2026-04-17T12:24:19Z</responseDate><request verb="GetRecord" identifier="oai:riubu.ubu.es:10259/5351" metadataPrefix="marc">https://riubu.ubu.es/oai/request</request><GetRecord><record><header><identifier>oai:riubu.ubu.es:10259/5351</identifier><datestamp>2022-08-14T22:42:07Z</datestamp><setSpec>com_10259_4249</setSpec><setSpec>com_10259_5086</setSpec><setSpec>com_10259_2604</setSpec><setSpec>col_10259_4250</setSpec></header><metadata><record xmlns="http://www.loc.gov/MARC21/slim" xmlns:doc="http://www.lyncode.com/xoai" xmlns:xsi="http://www.w3.org/2001/XMLSchema-instance" xmlns:dcterms="http://purl.org/dc/terms/" xsi:schemaLocation="http://www.loc.gov/MARC21/slim http://www.loc.gov/standards/marcxml/schema/MARC21slim.xsd">
<leader>00925njm 22002777a 4500</leader>
<datafield tag="042" ind1=" " ind2=" ">
<subfield code="a">dc</subfield>
</datafield>
<datafield tag="720" ind1=" " ind2=" ">
<subfield code="a">Ruiz Miguel, Santiago</subfield>
<subfield code="e">author</subfield>
</datafield>
<datafield tag="720" ind1=" " ind2=" ">
<subfield code="a">Sarabia Peinador, Luis Antonio</subfield>
<subfield code="e">author</subfield>
</datafield>
<datafield tag="720" ind1=" " ind2=" ">
<subfield code="a">Ortiz Fernández, Mª Cruz</subfield>
<subfield code="e">author</subfield>
</datafield>
<datafield tag="720" ind1=" " ind2=" ">
<subfield code="a">Sánchez Pastor, Mª Sagrario</subfield>
<subfield code="e">author</subfield>
</datafield>
<datafield tag="260" ind1=" " ind2=" ">
<subfield code="c">2020-08</subfield>
</datafield>
<datafield tag="520" ind1=" " ind2=" ">
<subfield code="a">The paper contains a discussion about the null spaces associated to linear prediction models for the particular case of Partial Least Squares regression models. The discussion separately considers the two existing null spaces: the one in the input space related to the projection onto the latent space and the null space, coming from the projection space, corresponding to the mapping of the scores onto the predicted responses.&#xd;
&#xd;
The paper also explores the impact of such null spaces in the definition of the design space around some feasible solutions obtained by inverting the prediction model, via several cases with simulated and real data from the literature. The case-studies serve to illustrate the discussion and the need of considering points in the two null spaces, rather than just take into account the null space within the latent space.&#xd;
&#xd;
They also serve to show how to address the use of the resulting vectors in the design space to maintain the desired quality by modifying the tunable (maneuverable) process variables to compensate for variations due to some other feature variables not so easy to control.</subfield>
</datafield>
<datafield tag="024" ind2=" " ind1="8">
<subfield code="a">0169-7439</subfield>
</datafield>
<datafield tag="024" ind2=" " ind1="8">
<subfield code="a">http://hdl.handle.net/10259/5351</subfield>
</datafield>
<datafield tag="024" ind2=" " ind1="8">
<subfield code="a">10.1016/j.chemolab.2020.104040</subfield>
</datafield>
<datafield ind1=" " ind2=" " tag="653">
<subfield code="a">Partial least squares</subfield>
</datafield>
<datafield ind1=" " ind2=" " tag="653">
<subfield code="a">Process analytical technology</subfield>
</datafield>
<datafield ind1=" " ind2=" " tag="653">
<subfield code="a">Quality by design</subfield>
</datafield>
<datafield ind1=" " ind2=" " tag="653">
<subfield code="a">Linear application</subfield>
</datafield>
<datafield ind1=" " ind2=" " tag="653">
<subfield code="a">Null space</subfield>
</datafield>
<datafield ind1=" " ind2=" " tag="653">
<subfield code="a">Model inversion</subfield>
</datafield>
<datafield tag="245" ind1="0" ind2="0">
<subfield code="a">Residual spaces in latent variables model inversion and their impact in the design space for given quality characteristics</subfield>
</datafield>
</record></metadata></record></GetRecord></OAI-PMH>